[Event "AUT-ch Zwisch Internet"]
[Site "Playchess.com INT"]
[Date "2020.05.02"]
[Round "4"]
[White "Mayrhuber, Nikola"]
[Black "Pirker, Christian"]
[Result "0-1"]
[WhiteElo "2025"]
[BlackElo "2167"]
[PlyCount "68"]
[EventDate "2020.05.02"]
[EventType "swiss (blitz)"]
[EventRounds "13"]
[EventCountry "AUT"]
[SourceTitle "CBM 195 Extra"]
[Source "ChessBase"]
[SourceDate "2020.05.31"]
[SourceVersion "1"]
[SourceVersionDate "2020.05.31"]
[SourceQuality "1"]

1. d4 d5 2. c4 e6 3. g3 Nf6 4. Bg2 Be7 5. Nf3 0-0 6. 0-0 c6 7. Qc2 Nbd7 8. Rd1 b6 9. b3 Bb7 10. Nc3 Rc8 11. e4 dxe4 12. Nxe4 Nxe4 13. Qxe4 Nf6 14. Qc2 a6 15. c5 b5 16. Ne5 Nd5 17. Bf4 Nxf4 18. gxf4 Qc7 19. Be4 g6 20. Kh1 Rcd8 21. Bxg6 fxg6 22. Nxg6 Rf7 23. Rg1 Rg7 24. Ne5 Bf6 25. Rxg7+ Bxg7 26. Qe4 Re8 27. Rg1 Re7 28. f5 exf5 29. Qxf5 Bc8 30. Qe4 Be6 31. f3 Bd5 32. Qf4 Rxe5 33. dxe5 Qf7 34. Qg4 Bxf3+ 0-1

[Event "AUT-ch Vor2 Internet"]
[Site "Playchess.com INT"]
[Date "2020.04.13"]
[Round "5"]
[White "Kapferer, Romed"]
[Black "Pirker, Christian"]
[Result "0-1"]
[WhiteElo "2081"]
[BlackElo "2167"]
[PlyCount "96"]
[EventDate "2020.04.13"]
[EventType "swiss (blitz)"]
[EventRounds "9"]
[EventCountry "AUT"]
[SourceTitle "CBM 195 Extra"]
[Source "ChessBase"]
[SourceDate "2020.05.31"]
[SourceVersion "1"]
[SourceVersionDate "2020.05.31"]
[SourceQuality "1"]

1. e4 e5 2. Nf3 d6 3. d4 exd4 4. c3 Nf6 5. Bg5 dxc3 6. Nxc3 Be7 7. Bc4 0-0 8. 0-0 Nc6 9. Rc1 Bg4 10. Be2 h6 11. Bh4 Nxe4 12. Bxe7 Qxe7 13. Nd5 Qd8 14. Re1 Nf6 15. Ne3 Bxf3 16. Bxf3 Ne5 17. Bxb7 Rb8 18. Bd5 Rxb2 19. Bb3 Ne4 20. Rc2 Rxc2 21. Qxc2 Nc5 22. Nd5 c6 23. Ne3 Qg5 24. Kh1 Ned3 25. Re2 Re8 26. Nf1 Rxe2 27. Qxe2 Qe5 28. Qxe5 Nxe5 29. Bc4 d5 30. Be2 f5 31. f4 Ned3 32. g3 Nc1 33. Bf3 Nxa2 34. Ne3 g6 35. Kg2 Nc3 36. Nc2 a5 37. Nd4 a4 38. Nc2 Nb5 39. Be2 Kf7 40. Kf3 Ke7 41. Ke3 Kd6 42. Bxb5 cxb5 43. Kd4 Ne6+ 44. Kd3 Kc5 45. h3 b4 46. Na1 b3 47. Kc3 d4+ 48. Kd3 Kb4 0-1

[Event "Steyr Landesliga 1516"]
[Site "Austria"]
[Date "2015.09.26"]
[Round "1.3"]
[White "Pirker, Christian"]
[Black "Wertjanz, David"]
[Result "0-1"]
[WhiteElo "2178"]
[BlackElo "2288"]
[PlyCount "80"]
[EventDate "2015.09.26"]
[EventType "team-tourn"]
[EventRounds "11"]
[EventCountry "AUT"]
[SourceTitle "EXT 2017"]
[Source "ChessBase"]
[SourceDate "2016.10.25"]
[SourceVersion "1"]
[SourceVersionDate "2016.10.25"]
[SourceQuality "1"]
[WhiteTeam "Graz Styria"]
[BlackTeam "Feldbach Kirchberg"]
[WhiteTeamCountry "AUT"]
[BlackTeamCountry "AUT"]

1. e4 c5 2. Nc3 Nc6 3. g3 g6 4. Bg2 Bg7 5. d3 e5 6. Nh3 d6 7. 0-0 Nge7 8. f4 exf4 9. Bxf4 0-0 10. Qd2 Qb6 11. Rab1 c4+ 12. Kh1 cxd3 13. cxd3 Ne5 14. Be3 Qa6 15. Nf2 Be6 16. b3 Ng4 17. Nxg4 Bxg4 18. d4 Rac8 19. Rf2 b5 20. Ne2 d5 21. exd5 Bf5 22. Rb2 Rfd8 23. Nf4 Qa3 24. h3 h5 25. Bf3 Qd6 26. g4 hxg4 27. hxg4 Bd7 28. Rh2 b4 29. Qf2 Rc3 30. Ne2 Nxd5 31. Nxc3 bxc3 32. Rc2 Nxe3 33. Qxe3 Bxd4 34. Qg5 Bc6 35. Bxc6 Qxc6+ 36. Rhg2 Re8 37. Kh2 Qd6+ 38. Rg3 Re3 39. Rcg2 Rxg3 40. Rxg3 Be5 0-1

[Event "Steyr Landesliga 1314"]
[Site "Austria"]
[Date "2014.02.08"]
[Round "7.4"]
[White "Hatzl, Johannes"]
[Black "Pirker, Christian"]
[Result "1/2-1/2"]
[WhiteElo "2131"]
[BlackElo "2193"]
[PlyCount "64"]
[EventDate "2013.09.28"]
[EventType "team-tourn"]
[EventRounds "11"]
[EventCountry "AUT"]
[SourceTitle "EXT 2015"]
[Source "ChessBase"]
[SourceDate "2014.11.20"]
[SourceVersion "1"]
[SourceVersionDate "2014.11.20"]
[SourceQuality "1"]
[WhiteTeam "Fuerstenfeld"]
[BlackTeam "Graz Styria"]
[WhiteTeamCountry "AUT"]
[BlackTeamCountry "AUT"]

1. e4 c5 2. c3 Nf6 3. e5 Nd5 4. d4 cxd4 5. cxd4 d6 6. Bc4 Nb6 7. Bb5+ Bd7 8. e6 Bxb5 9. Qh5 g6 10. Qxb5+ Nc6 11. exf7+ Kxf7 12. Nf3 h6 13. 0-0 Bg7 14. Qd3 e5 15. dxe5 dxe5 16. Qe4 Qd5 17. Nc3 Qxe4 18. Nxe4 Rhd8 19. Be3 Nd4 20. Nfd2 Rac8 21. f4 Nc2 22. Bxb6 axb6 23. fxe5+ Kg8 24. Rab1 Bxe5 25. Nf3 Bg7 26. Rfd1 Nd4 27. b3 Nxf3+ 28. gxf3 Rxd1+ 29. Rxd1 Be5 30. Rd7 Rc7 31. Nf6+ Kf8 32. Nh7+ Ke8 1/2-1/2

[Event "Steyr Landesliga 1314"]
[Site "Austria"]
[Date "2014.01.25"]
[Round "6.4"]
[White "Mitter, Gerd"]
[Black "Pirker, Christian"]
[Result "1/2-1/2"]
[WhiteElo "2218"]
[BlackElo "2193"]
[PlyCount "68"]
[EventDate "2013.09.28"]
[EventType "team-tourn"]
[EventRounds "11"]
[EventCountry "AUT"]
[SourceTitle "EXT 2015"]
[Source "ChessBase"]
[SourceDate "2014.11.20"]
[SourceVersion "1"]
[SourceVersionDate "2014.11.20"]
[SourceQuality "1"]
[WhiteTeam "Trofaiach Niklasdorf"]
[BlackTeam "Graz Styria"]
[WhiteTeamCountry "AUT"]
[BlackTeamCountry "AUT"]

1. Nf3 Nf6 2. g3 c5 3. Bg2 g6 4. 0-0 Bg7 5. d4 cxd4 6. Nxd4 Nc6 7. c4 0-0 8. Nc3 Nxd4 9. Qxd4 d6 10. Qd3 Rb8 11. Be3 a6 12. Ba7 Ra8 13. Bd4 Rb8 14. Rac1 Bd7 15. Rfd1 Bc6 16. e4 Nd7 17. Bxg7 Kxg7 18. Qd4+ Kg8 19. h3 Qa5 20. Qd2 Rfc8 21. f4 b5 22. cxb5 axb5 23. e5 b4 24. Nd5 Bxd5 25. Qxd5 Rxc1 26. Rxc1 Qxd5 27. Bxd5 dxe5 28. Rc7 Rd8 29. Bc6 Nc5 30. Rxe7 exf4 31. gxf4 Rd4 32. f5 gxf5 33. Re5 Nd3 34. Rxf5 Nxb2 1/2-1/2

[Event "AUT-chT2M 1314"]
[Site "Austria"]
[Date "2013.11.16"]
[Round "4.5"]
[White "Pirker, Christian"]
[Black "Hatzl, Johannes"]
[Result "1-0"]
[WhiteElo "2193"]
[BlackElo "2131"]
[PlyCount "79"]
[EventDate "2013.10.04"]
[EventType "team-tourn"]
[EventRounds "11"]
[EventCountry "AUT"]
[SourceTitle "EXT 2015"]
[Source "ChessBase"]
[SourceDate "2014.11.20"]
[SourceVersion "1"]
[SourceVersionDate "2014.11.20"]
[SourceQuality "1"]
[WhiteTeam "Graz Styria"]
[BlackTeam "Fuerstenfeld"]
[WhiteTeamCountry "AUT"]
[BlackTeamCountry "AUT"]

1. e4 c5 2. Nf3 Nc6 3. d4 cxd4 4. Nxd4 e5 5. Nb5 d6 6. N1c3 a6 7. Na3 b5 8. Nd5 Nf6 9. Bg5 Qa5+ 10. Bd2 Qd8 11. Bg5 Qa5+ 12. Bd2 Qd8 13. c4 Nxe4 14. cxb5 Be6 15. Nc3 Nxd2 16. Qxd2 axb5 17. Bxb5 Bd7 18. Nc4 Nd4 19. Bxd7+ Kxd7 20. 0-0 Rc8 21. Qd3 Qc7 22. Nd5 Qb7 23. Ndb6+ Ke6 24. Nxc8 Qxc8 25. Rfe1 Qc5 26. Rac1 Qa7 27. b4 Be7 28. b5 Nxb5 29. Nxe5 dxe5 30. Qxb5 f6 31. Qc4+ Kf5 32. Qe4+ Ke6 33. Rc6+ Kf7 34. Qc4+ Kg6 35. Re3 h5 36. Rg3+ Kh6 37. Qf7 g5 38. Rxf6+ Bxf6 39. Qxa7 Rc8 40. h4 1-0

[Event "Steyr Landesliga 1213"]
[Site "Austria"]
[Date "2012.11.03"]
[Round "3.5"]
[White "Pirker, Christian"]
[Black "Kiss, Balint"]
[Result "1-0"]
[WhiteElo "2180"]
[BlackElo "1862"]
[PlyCount "67"]
[EventDate "2012.09.22"]
[EventType "team-tourn"]
[EventRounds "11"]
[EventCountry "AUT"]
[SourceTitle "EXT 2014"]
[Source "ChessBase"]
[SourceDate "2013.11.20"]
[SourceVersion "1"]
[SourceVersionDate "2013.11.20"]
[SourceQuality "1"]
[WhiteTeam "Graz Styria"]
[BlackTeam "Hartberg"]
[WhiteTeamCountry "AUT"]
[BlackTeamCountry "AUT"]

1. e4 e5 2. Nf3 Nc6 3. c3 d5 4. Qa4 Bd7 5. exd5 Nb4 6. Qb3 e4 7. Ne5 Qe7 8. Qxb4 Qxe5 9. Qxb7 Rd8 10. Na3 Bxa3 11. bxa3 Nf6 12. Qxa7 0-0 13. Qd4 Qf5 14. c4 c6 15. Bb2 Rfe8 16. Be2 cxd5 17. c5 Qg6 18. g4 Ra8 19. Bd1 Bb5 20. Rc1 Rad8 21. c6 Rc8 22. h3 Rxc6 23. Rxc6 Bxc6 24. Ba4 Bxa4 25. Qxa4 Rb8 26. Bxf6 Qxf6 27. 0-0 h5 28. Qa7 Re8 29. Qe3 hxg4 30. hxg4 d4 31. Qg3 Re5 32. Rb1 g6 33. Rb8+ Kg7 34. Qh3 1-0

[Event "AUT-chT2M 1011"]
[Site "Austria"]
[Date "2011.03.13"]
[Round "8.4"]
[White "Pirker, Christian"]
[Black "Aschenbrenner, Robert"]
[Result "0-1"]
[WhiteElo "2188"]
[BlackElo "2229"]
[PlyCount "110"]
[EventDate "2010.10.16"]
[EventType "team-tourn"]
[EventRounds "11"]
[EventCountry "AUT"]
[SourceTitle "EXT 2012"]
[Source "ChessBase"]
[SourceDate "2011.11.24"]
[SourceVersion "1"]
[SourceVersionDate "2011.11.24"]
[SourceQuality "1"]
[WhiteTeam "Graz Styria"]
[BlackTeam "Graz Austria"]
[WhiteTeamCountry "AUT"]
[BlackTeamCountry "AUT"]

1. c4 e5 2. d3 Nc6 3. a3 g6 4. b4 Bg7 5. Bb2 d6 6. e3 f5 7. Qc2 Qe7 8. Nc3 Nf6 9. Nf3 0-0 10. Be2 Nd8 11. 0-0 c6 12. d4 Nf7 13. a4 Kh8 14. c5 e4 15. cxd6 Qxd6 16. Nd2 Re8 17. b5 h5 18. Ba3 Qd8 19. a5 Ng4 20. bxc6 bxc6 21. h3 Ngh6 22. Rfe1 Qh4 23. Bf1 f4 24. Ncxe4 Bf5 25. exf4 Qxf4 26. g3 Qc7 27. Bg2 Ng5 28. Kh2 Rad8 29. Qc1 Ne6 30. Nb3 Nf7 31. Ra2 Nxd4 32. Nxd4 Rxd4 33. Rae2 Rb8 34. Ng5 Nxg5 35. Qxg5 Qxa5 36. Re8+ Rxe8 37. Rxe8+ Kh7 38. Bb2 Qd2 39. Qxd2 Rxd2 40. Bxg7 Kxg7 41. g4 hxg4 42. hxg4 Bxg4 43. Kg3 Bf5 44. Re7+ Kf6 45. Rxa7 c5 46. Rc7 Rc2 47. Kf3 Ke5 48. Ke3 Rc3+ 49. Ke2 Kd4 50. Bb7 Rc2+ 51. Ke1 c4 52. Ba6 Bd3 53. f3 Re2+ 54. Kd1 Ra2 55. Rc6 Ra1+ 0-1

[Event "AUT-ch"]
[Site "Vienna"]
[Date "2010.07.27"]
[Round "4"]
[White "Pirker, Christian"]
[Black "Ganaus, Hannes"]
[Result "1/2-1/2"]
[WhiteElo "2182"]
[BlackElo "2288"]
[PlyCount "147"]
[EventDate "2010.07.24"]
[EventType "swiss"]
[EventRounds "9"]
[EventCountry "AUT"]
[SourceTitle "CBM 137 Extra"]
[Source "ChessBase"]
[SourceDate "2010.09.01"]
[SourceVersion "1"]
[SourceVersionDate "2010.09.01"]
[SourceQuality "1"]

1. e4 c6 2. d4 d5 3. Nc3 g6 4. Nf3 Bg4 5. h3 Bxf3 6. Qxf3 e6 7. Be3 Bg7 8. 0-0-0 a6 9. Kb1 b5 10. h4 h5 11. Bg5 Ne7 12. Bf6 Kf8 13. g4 b4 14. Na4 dxe4 15. Qf4 Nd5 16. Bxg7+ Kxg7 17. Qe5+ Kg8 18. Nc5 Nd7 19. Nxd7 Qxd7 20. g5 a5 21. Bg2 a4 22. Bxe4 Kh7 23. Bxd5 cxd5 24. Rh3 Rhc8 25. Qe2 Qa7 26. Rd2 Rc4 27. Qd1 Rac8 28. f4 a3 29. b3 Rc3 30. Rxc3 Rxc3 31. Rd3 Qc7 32. Qd2 Rxd3 33. cxd3 Qb6 34. Qe3 Kg8 35. Qe5 Qb5 36. Qe3 Kf8 37. Qd2 Ke7 38. Qe2 Kd7 39. Qc2 Qb8 40. Qd2 Qb6 41. Qe3 Qb5 42. Qe2 Qb6 43. Qe3 Qa6 44. Qe2 Ke7 45. Qd2 Qb6 46. Qe3 Qc6 47. Qd2 Qd6 48. Qc1 Qb6 49. Qe3 f6 50. gxf6+ Kxf6 51. Qe5+ Kf7 52. Qh8 Qd6 53. Qh7+ Kf6 54. Qh6 Qe7 55. Qg5+ Kf7 56. Kc2 Qc7+ 57. Kd2 Qc3+ 58. Ke3 Qe1+ 59. Kf3 Qd2 60. Qe5 Qxd3+ 61. Kf2 Qc2+ 62. Kf3 Qd3+ 63. Kf2 Qc2+ 64. Kf3 Qc6 65. Kf2 Qb7 66. Kf3 Qe7 67. Kg3 Kg8 68. Kh3 Kh7 69. Kg3 Qf7 70. Kf3 Qd7 71. Qf6 Qg7 72. Qxg7+ Kxg7 73. Kg3 Kf6 74. Kg2 1/2-1/2

[Event "Graz-ch"]
[Site "Graz"]
[Date "2010.01.15"]
[Round "4"]
[White "Pirker, Christian"]
[Black "Spindelboeck, Gernot"]
[Result "1/2-1/2"]
[WhiteElo "2146"]
[BlackElo "2267"]
[PlyCount "48"]
[EventDate "2010.01.08"]
[EventType "swiss"]
[EventRounds "7"]
[EventCountry "AUT"]
[SourceTitle "CBM 134 Extra"]
[Source "ChessBase"]
[SourceDate "2010.03.03"]
[SourceVersion "1"]
[SourceVersionDate "2010.03.03"]
[SourceQuality "1"]

1. e4 e6 2. d4 d5 3. Nc3 Bb4 4. e5 c5 5. a3 Bxc3+ 6. bxc3 Ne7 7. Qg4 Qc7 8. Qxg7 Rg8 9. Qxh7 cxd4 10. Ne2 Nbc6 11. f4 Bd7 12. Qd3 dxc3 13. Qxc3 Nf5 14. Rb1 0-0-0 15. Bd2 d4 16. Qc4 Rg6 17. h4 Rh8 18. h5 Rg4 19. Rh3 Nce7 20. Qxc7+ Kxc7 21. c3 Bc6 22. Kf2 Rhg8 23. Nxd4 Bxg2 24. Rh2 Bc6 1/2-1/2

[Event "Graz op-A"]
[Site "Graz"]
[Date "2008.09.07"]
[Round "9"]
[White "Pirker, Christian"]
[Black "Teuschler, Hugo"]
[Result "1/2-1/2"]
[WhiteElo "2150"]
[BlackElo "2088"]
[PlyCount "103"]
[EventDate "2008.08.30"]
[EventType "swiss"]
[EventRounds "9"]
[EventCountry "AUT"]
[SourceTitle "CBM 126 Extra"]
[Source "ChessBase"]
[SourceDate "2008.11.05"]
[SourceVersion "1"]
[SourceVersionDate "2008.11.05"]
[SourceQuality "1"]

1. Nf3 c5 2. b3 Nc6 3. Bb2 d6 4. e3 e6 5. d4 cxd4 6. exd4 d5 7. Nbd2 Nf6 8. a3 Be7 9. Bd3 0-0 10. 0-0 b6 11. Qe2 Bb7 12. Ng5 h6 13. Nh3 Rc8 14. f4 Nb8 15. Rae1 Re8 16. g4 Bf8 17. g5 Nfd7 18. gxh6 gxh6 19. Rf3 Bg7 20. Rg3 Qf6 21. Nf3 Nc5 22. dxc5 Qxb2 23. Ne5 Kf8 24. cxb6 axb6 25. Qh5 Qd4+ 26. Nf2 Bxe5 27. fxe5 Ke7 28. Qxh6 Rf8 29. Qf6+ Ke8 30. Qg5 Nd7 31. Qe3 Qb2 32. a4 Kd8 33. h4 Kc7 34. h5 Rh8 35. h6 Rcg8 36. h7 Rf8 37. Nd1 Qa3 38. Nc3 Bc6 39. Rg4 Qc5 40. Qxc5 Nxc5 41. Rg7 Kd8 42. Rf1 Ke7 43. Kf2 Nd7 44. Re1 Kd8 45. Kg3 f6 46. exf6 Nxf6 47. Kh4 Bd7 48. Re2 Ne8 49. Rg5 Nf6 50. Rg7 Ne8 51. Rg5 Nf6 52. Rg7 1/2-1/2

[Event "AUT-ch qual"]
[Site "Leoben"]
[Date "2008.07.24"]
[Round "6.8"]
[White "Pirker, Christian"]
[Black "Zojer, Stefan"]
[Result "1-0"]
[WhiteElo "2150"]
[BlackElo "2077"]
[PlyCount "67"]
[EventDate "2008.07.19"]
[EventType "swiss"]
[EventRounds "9"]
[EventCountry "AUT"]
[SourceTitle "EXT 2024"]
[Source "ChessBase"]
[SourceDate "2023.10.10"]
[SourceVersion "1"]
[SourceVersionDate "2023.10.10"]
[SourceQuality "1"]

1. e4 c5 2. c4 Nc6 3. Ne2 g6 4. Nbc3 Bg7 5. g3 Ne5 6. Ng1 d6 7. h3 Nf6 8. d3 0-0 9. Be3 a6 10. Qd2 Re8 11. f4 Nc6 12. Nge2 e6 13. Bg2 Rb8 14. 0-0 d5 15. Bxc5 dxc4 16. Rad1 cxd3 17. Qxd3 Qa5 18. Qe3 Nd7 19. Bd6 Ra8 20. e5 f6 21. exf6 Nxf6 22. Nc1 Bd7 23. Nb3 Qd8 24. Kh2 Qc8 25. Rfe1 a5 26. Nc5 a4 27. N3xa4 Nb4 28. Bxb7 Qd8 29. Bxa8 Nc2 30. Qb3 Nxe1 31. Bh1 Qa5 32. Nxd7 Nxd7 33. Bb4 Qb5 34. Rxe1 1-0

[Event "AUT-ch qual"]
[Site "Leoben"]
[Date "2008.07.23"]
[Round "5.7"]
[White "Pirker, Christian"]
[Black "Teuschler, Hugo"]
[Result "1/2-1/2"]
[WhiteElo "2150"]
[BlackElo "2088"]
[PlyCount "90"]
[EventDate "2008.07.19"]
[EventType "swiss"]
[EventRounds "9"]
[EventCountry "AUT"]
[SourceTitle "EXT 2024"]
[Source "ChessBase"]
[SourceDate "2023.10.10"]
[SourceVersion "1"]
[SourceVersionDate "2023.10.10"]
[SourceQuality "1"]

1. d4 d5 2. c4 e6 3. Nc3 Nf6 4. Bg5 c6 5. e3 Nbd7 6. cxd5 exd5 7. Qc2 Be7 8. Bd3 0-0 9. Nge2 Re8 10. 0-0 Nf8 11. f3 Be6 12. a3 a5 13. Rad1 b5 14. Nf4 Bd7 15. e4 dxe4 16. Nxe4 Nd5 17. Bxe7 Qxe7 18. Nxd5 cxd5 19. Nc5 Kh8 20. Qd2 Bc6 21. Rfe1 Qf6 22. Bb1 Rxe1+ 23. Rxe1 Re8 24. Rxe8 Bxe8 25. Qe3 Bc6 26. b4 axb4 27. axb4 g6 28. f4 Kg7 29. g3 Ne6 30. Nxe6+ Qxe6 31. Qxe6 fxe6 32. Kf2 Kf6 33. Kf3 h6 34. Bd3 Be8 35. g4 Bd7 36. h3 Kg7 37. Kg3 Kf7 38. Bb1 Kg7 39. Bc2 Kf7 40. h4 Kg7 41. f5 exf5 42. g5 hxg5 43. hxg5 Kf7 44. Kf4 Ke6 45. Bd1 Be8 1/2-1/2